00390nam a2200157 a 45000010005000000030009000050080041000140200015000550400028000700820016000981000018001142450027001322600039001593000011001986500023002098004CO-ViMGA141112s2004 ck r 000 u spa d a8428103577 aCO-ViMGAbspacCO-ViMGA04a551.49 T7651 aTrombe, Felix10aLas Aguas Subterraneas aBarcelona (E), cOikos Tau, c1978 a134.p.14aAGUAS SUBTERRANEAS